| 000 | 00443nam a2200145Ia 4500 | ||
|---|---|---|---|
| 008 | 210716s2002 xx 000 0 und d | ||
| 041 | _aeng | ||
| 082 | _a004.22 KAIR | ||
| 100 | _aKain, Richard Y. | ||
| 245 |
_aAdvanced computer architecture: a systems design approach. _bA systems design approach. |
||
| 250 | _a1 | ||
| 260 |
_aNew Delhi _bPHI Learning Pvt Ltd _c2002 |
||
| 300 | _axxvii,907 | ||
| 650 | _aComputer Architecture/Organization | ||
| 999 |
_c185505 _d185505 |
||